Score 0/8 Timer 05:00
0 Plays Today
Weapons % Correct
Surprise
71.3%
Fear
66.3%
The dish-drying rack
57.4%
An almost fanatical devotion to the Pope
56.4%
The comfy chair
53.5%
Ruthless efficiency
42.6%
Nice red uniforms
40.6%
The soft cushions
35.6%
Remove Ads.
Support Sporcle.
Get the best of Sporcle when you Go Orange. This ad-free experience offers more features, more stats, and more fun while also helping to support Sporcle. Thank you for becoming a member.

You're not logged in!

Compare scores with friends on all Sporcle quizzes.
OR
Log In

Show Comments

Extras

Top Quizzes Today


Score Distribution

Your Account Isn't Verified!

In order to create a playlist on Sporcle, you need to verify the email address you used during registration. Go to your Sporcle Settings to finish the process.

Report this User

Report this user for behavior that violates our Community Guidelines.

Details: